LEADER 01039cam0 22002771 450 001 SOBE00085603 005 20260209085550.0 010 $a9788892120839 100 $a20260206d2019 |||||ita|0103 ba 101 $aita 102 $aIT 200 1 $aIntelligenza artificiale e processo$fJordi Nieva-Fenoll$gtraduzione e prefazione di Paolo Comoglio 210 $aTorino$cGiappichelli$d2019 215 $aXVI, 158 p.$d24 cm 500 10$aInteligencia artificial y proceso judicial$3SOBA00036954$94542301 700 1$aNieva-Fenoll$b, Jordi$3SOBA00036951$4070$01222177 702 1$aComoglio, Paolo$3A600200036597$4070 801 0$aIT$bUNISOB$c20260209$gRICA 850 $aUNISOB 852 $aUNISOB$j340$m188371 912 $aSOBE00085603 940 $aM 102 Monografia moderna SBN 941 $aM 957 $a340$b008893$gBRE$d188371$n20260206$_15$rAcquisto$tV$[15$1Spinosa$2UNISOB$3UNISOB$420260206102621.0$520260206102709.0$6Spinosa$fTesto 2025/2026 996 $aInteligencia artificial y proceso judicial$94542301 997 $aUNISOB